00746 2200289 4500001002100000005001700021008004100038020001800079035002400097082001000121090002000131100001700151245004800168250001100216260003500227300002400262440001800286500002900304650002900333850001500362980001300377985000600390999001500396999001500411999001500426999001500441YOGYA-0209000003660420090227025139.0 ind  a979-002-001-5 0010-020900000036604 a635.9 a635.9bBud AlT aBUDIANA, N.S aAgar aglaonema tampil memikatcN.S. Budiana aCet. 2 aJakartabPenebar Swadayac2006 a91 hlmbilusc23 cm aSeri agrihobi aBibliografi ; hlm. 89-90 aAglaonema (Tanaman hias) aYOPDYOG(B) a15-11-06 a4 a06P0000429 a06P0000430 a06P0000431 a06P0000432